000 00673nam a22002177a 4500
001 BD-DhSAU 5396
003 BD-DhSAU
005 20150415143336.0
008 150415b2006 ii ||||| |||| 001 0 eng d
020 _a8183210791
040 _aBD-DhSAU
082 _222
_a630.715054
_bVED
100 _aVenkataranga Naika, K.
245 _aDesigns of participatory extension approaches in india /
_cK. Venkataranga Naika and B. S. Siddaramaiah
260 _aUdaipur :
_bAgrotech publishers ,
_cc2006.
300 _a128 p.:
_c21 cm.
504 _aIncludes bibliography and index
590 _aIMRAN
650 _aParticipatory extension
_zIndia
700 _aSiddaramaiah, B. S.
942 _2ddc
_cBOOK
999 _c5396
_d5396